书目信息 |
| 题名: |
趣味数学游戏
|
|
| 作者: | 张润青 编 | |
| 分册: | ||
| 出版信息: | 北京 科学普及出版社 1979 |
|
| 页数: | 149页 | |
| 开本: | 19cm | |
| 丛书名: | 趣味科普丛书 | |
| 单 册: | ||
| 中图分类: | O12 , O1-49 | |
| 科图分类: | ||
| 主题词: | 数学--普及读物 , 初等数学 | |
| 电子资源: | ||
| ISBN: | ||
| 000 | 00661nam2 2200265 45 | |
| 001 | 0179002894 | |
| 005 | 20060818103653.43 | |
| 010 | @dCNY0.39 | |
| 091 | @a13051.1004 | |
| 100 | @a19950725d1979 demy0chiy0121 ea | |
| 101 | 0 | @achi |
| 102 | @aCN@b110000 | |
| 105 | @ay z 000yy | |
| 200 | 10 | @a趣味数学游戏@Aqu wei shu xue you xi@f张润青编 |
| 210 | @a北京@c科学普及出版社@d1979 | |
| 215 | @a149页@d19cm | |
| 225 | 2 | @a趣味科普丛书 |
| 410 | 0 | @120010@a趣味科普丛书 |
| 606 | @a数学@x普及读物 | |
| 606 | 0 | @a初等数学 |
| 690 | @aO12 | |
| 690 | @aO1-49@v3 | |
| 701 | 0 | @a张润青@Azhang run qing@4编 |
| 801 | 0 | @aCN@bNLC@c20060818 |
| 905 | @dO12@e122 | |
| 趣味数学游戏/张润青编.-北京:科学普及出版社,1979 |
| 149页;19cm.-(趣味科普丛书) |
| ISBN :CNY0.39 |
| ● |
| 相关链接 |
|
|
|
|
正题名:趣味数学游戏
索取号:O12/122
 
预约/预借
| 序号 | 登录号 | 条形码 | 馆藏地/架位号 | 状态 | 备注 |
| 1 | 0054851 | 001245753 | 第三借阅区/ [索取号:O12/122] | 在馆 | |
| 2 | 0054853 | 001245726 | 第三借阅区/ [索取号:O12/122] | 在馆 | |
| 3 | 0054855 | 001245717 | 第二样本阅览室/ [索取号:O12/122] | 在馆 | |
| 4 | 0465726 | 204657264 | 密集书库/ [索取号:O12/122] | 在馆 | |
| 5 | 0468640 | 204686401 | 密集书库/ [索取号:O12/122] | 在馆 |